Capitali che iniziano con la lettera L - Statistics

Statistiche generali
  • Questo quiz è stato fatto 107 volte
    54 dall'ultimo reset
  • Il punteggio medio è 7 su 12
Statistiche sulle risposte
Risposta % Corretto
Londra
78%
Lubiana
78%
Lima
76%
Lisbona
70%
Lussemburgo
58%
La Valletta
56%
L'Avana
56%
Lomè
48%
Luanda
46%
Libreville
34%
Lusaka
30%
Lilongwe
22%
Nessun quiz corrispondente trovato
Distribuzione punteggi
Percentuale di utenti per punteggio
Percentile per numero di risposta
I tuoi punteggi nel tempo
Non hai fatto questo quiz dall'ultimo reset